000 00212nam a22000977a 4500
082 _a526.9
_bSUR
245 _aSurvey in WAR
250 _a3ed ed.
526 _a0
_b0
_c0
_d526_900000000000000_SUR
942 _2ddc
_cBK
999 _c553141
_d553141